000 00665nam a2200205 a 4500
001 000049244
005 20201002061751.0
008 190801s2010 dr 000 0 spa d
020 _a9789945871531
040 _aDO-SdBNP
_bspa
_cBNPHU
082 _axx
_bxx
100 1 _aMoreno, Abel
_976541
245 1 0 _aPatentes :
_bintroducción para abogados y empresarios /
_cAbel Moreno.
260 _aSanto Domingo, República Dominicana :
_bGaceta Judicial,
_c2010.
300 _a224 p. ;
_c24 cm.
490 1 _aMonografía
500 _aIncluye datos biográficos del autor en la solapa de la cubierta
590 _aInventariado, 2019/VM
830 0 _aMonografía
_94914
999 _c48732
_d48732